Errate bekannte Städte #3 - Statistiken

Allgemein
  • Dieses Quiz wurde 145 mal gespielt
  • Das Durchschnittsergebnis liegt bei 11 aus 20
Antwortstatistiken
Fluss Stadt % Korrekt
Seine Paris
99%
Themse London
98%
Spree Berlin
96%
Rhein Köln
92%
Moskva Moskau
92%
Elbe Hamburg
90%
Donau Wien
71%
Tiber Rom
69%
Amstel Amsterdam
68%
Hudson New York City
44%
Tajo (Tejo) Lissabon
40%
Potomac Washington, D.C.
36%
Liffey Dublin
35%
Mississippi New Orleans
34%
Sumida Tokio
30%
Douro Porto
24%
Wolga Wolgograd
24%
Han Seoul
17%
Yarra Melbourne
6%
Ganges Varanasi
3%
Keine übereinstimmenden Quizze gefunden
Verteilung der Resultate
Anzahl Personen mit jedem Resultat
Perzentil nach korrekt beantworteten Fragen
Ihre Resultats-Entwicklung
Sie haben dieses Quiz noch nicht gespielt